2018-19 NHL Leaders - Statistics

General Stats
  • This quiz has been taken 70 times
  • The average score is 72 of 119
Answer Stats
Hint Answer % Correct
18 | 33 | 51 | 338 Alexander Ovechkin
96%
0.63 Alex Ovechkin
95%
0.55 | 0.96 | 1.49 | +3 others Connor McDavid
95%
0.55 | 1.06 | 1.56 | +3 others Nikita Kucherov
93%
19 | 38.5 | 45 Steven Stamkos
91%
0.51 | 1.36 | 35 | +4 others Patrick Kane
89%
153 Evander Kane
88%
0.51 | 0.61 | 1.28 | +4 others Leon Draisaitl
84%
0.82 | 1.27 | 100 Sidney Crosby
84%
1.27 | 100 Brad Marchand
79%
0.48 | 0.58 | 17 David Pastrnak
79%
365 Nathan MacKinnon
77%
0.82 | 67 Brent Burns
75%
0.57 | 37 | 47 John Tavares
70%
0.83 | 68 Mitch Marner
70%
6 | 39 Andrei Vasilevskiy
65%
35 | 66 | 1791 | +2 others Carey Price
61%
8 | 35 | 3635 Marc-Andre Fleury
61%
20 | 21.5 Brayden Point
60%
.934 | 1.98 | 7 | 32 Ben Bishop
58%
63 | 1872 | 2051 | 3704 Connor Hellebuyck
56%
0.87 | 71 Blake Wheeler
54%
334 Tyler Seguin
53%
36 | 62 Martin Jones
51%
67 | 1714 | 1877 | 3855 Devan Dubnyk
49%
36 | 1796 | 1958 Frederik Andersen
49%
20.2 Joe Pavelski
49%
9 | 37 | 62 Sergei Bobrovsky
49%
303 Jack Eichel
47%
.927 | 1.89 Jordan Binnington
46%
39 Mark Giordano
42%
1730 | 1896 | 3599 Jacob Markstrom
39%
33 Jake Guentzel
35%
.930 | 2.13 | 6 | 26 Robin Lehner
35%
19.9 Tomas Hertl
33%
128 Tom Wilson
32%
.928 | 2.30 Jack Campbell
23%
25 Darcy Kuemper
18%
.927 | 2.28 | 20 Thomas Greiss
18%
26 Andrei Vasilevskiy
16%
20.5 David Perron
14%
32 Jeff Skinner
14%
118 Antoine Roussel
12%
38 Ryan McDonagh
11%
115 Ian Cole
9%
0.59 Viktor Arvidsson
9%
35 Brett Pesche
7%
34 Mikael Backlund
7%
108 Brendan Lemieux
5%
31 Brian Dumoulin
5%
17 Mike Hoffman
5%
No matching quizzes found
Score Distribution
Percent of People with Each Score
Percentile by Number Answered
Your Score History
You have not taken this quiz